Catálogo público

Hydroponics : (Record no. 104612)

MARC details
000 -CABECERA
campo de control de longitud fija 00752nam a2200277 a 4500
001 - NÚMERO DE CONTROL
campo de control 000108150
003 - IDENTIFICADOR DEL NÚMERO DE CONTROL
campo de control CHAP
005 - FECHA Y HORA DE LA ÚLTIMA TRANSACCIÓN
campo de control 20240513144105.0
008 - DATOS DE LONGITUD FIJA--INFORMACIÓN GENERAL
campo de control de longitud fija 131210s2005 flua |r| |||1|||eng|d
010 ## - NÚMERO DE CONTROL DE LA BIBLIOTECA DEL CONGRESO
Número de control de LC 104612
011 ## - ENLACE DEL NUMERO DE CONTROL DE LA BIBLIOTECA DEL CONGRESO [OBSOLETO]
Número de control de LC 105584
020 ## - NÚMERO INTERNACIONAL ESTÁNDAR DEL LIBRO
Número Internacional Estándar del Libro 0849331676
040 ## - FUENTE DE LA CATALOGACIÓN
Centro/agencia transcriptor CHAP
082 04 - NÚMERO DE LA CLASIFICACIÓN DECIMAL DEWEY
Número de clasificación 631.585
Número de documento/Ítem J76 2005
100 00 - ENTRADA PRINCIPAL--NOMBRE DE PERSONA
Nombre de persona Jones, J. Benton, Jr.
9 (RLIN) 62025
245 10 - MENCIÓN DE TÍTULO
Título Hydroponics :
Resto del título A practical guide for the soilless grower /
Mención de responsabilidad, etc. por J. Benton Jones Jr.
250 ## - MENCIÓN DE EDICIÓN
Mención de edición 2 ed.
260 3# - PUBLICACIÓN, DISTRIBUCIÓN, ETC.
Lugar de publicación, distribución, etc. Boca Raton Fl. :
Nombre del editor, distribuidor, etc. CRC Press,
Fecha de publicación, distribución, etc. 2005.
300 ## - DESCRIPCIÓN FÍSICA
Extensión xiv, 423 p.
Material acompañante/anejo + CD (4 3/4 plg)
590 ## - NOTA LOCAL (RLIN)
Nota local E792CSJ
Procedencia (VM) [OBSOLETO] 05
Condición del los carretes individuales (VM) [OBSOLETO] 20131210
590 ## - NOTA LOCAL (RLIN)
Nota local E792CSJ
Procedencia (VM) [OBSOLETO] 05
Condición del los carretes individuales (VM) [OBSOLETO] 20131210
650 14 - PUNTO DE ACCESO ADICIONAL DE MATERIA--TÉRMINO DE MATERIA
Término de materia o nombre geográfico como elemento de entrada Hidroponía.
9 (RLIN) 55280
901 ## - ELEMENTOS DE DATOS A LOCAL LDA (RLIN)
a BK
942 ## - ELEMENTOS DE PUNTO DE ACCESO ADICIONAL (KOHA)
Tipo de ítem Koha Libro
Fuente del sistema de clasificación o colocación Dewey Decimal Classification
942 ## - ELEMENTOS DE PUNTO DE ACCESO ADICIONAL (KOHA)
Suprimir en OPAC 0
Fuente del sistema de clasificación o colocación Dewey Decimal Classification
Holdings
Estado de retiro Estado de pérdida Fuente del sistema de clasificación o colocación Estado dañado Restricciones de uso No para préstamo Código de colección Localización permanente Ubicación/localización actual Ubicación en estantería Fecha de adquisición Información codificada de la localización en otra ubicación Total de préstamos Signatura topográfica completa Código de barras Fecha visto por última vez Número de copia Precio válido a partir de Tipo de ítem Koha Fecha del último préstamo Nota pública
    Dewey Decimal Classification   Préstamo 15 días   General Biblioteca Central Biblioteca Central Planta principal - Colección General 10/12/2013 LIBRO   631.585 J76 2005 33724002392686 31/12/2019 c.2 31/12/2019 Libro    
    Dewey Decimal Classification   Préstamo 15 días   General Biblioteca Central Biblioteca Central Planta principal - Colección General 10/12/2013 LIBRO 1 631.585 J76 2005 33724002392728 18/07/2023   31/12/2019 Libro 10/07/2023  
    Dewey Decimal Classification   Préstamo interno   Material multimedia Biblioteca Central Biblioteca Central Planta Principal - Área de préstamo - Mat. Multimedia 13/05/2024     631.585 J76 2005 33724002589908 13/05/2024   13/05/2024 CD   Material complementario
    Dewey Decimal Classification   Préstamo interno   Material multimedia Biblioteca Central Biblioteca Central Planta Principal - Área de préstamo - Mat. Multimedia 13/05/2024     631.585 J76 2005 33724002589911 13/05/2024 c.2 13/05/2024 CD   Material complementario